000 00866pam a2200229 a 4500
001 1123546
003 OSt
005 20240620122159.0
008 940311s1994 enka b 001 0 eng
020 _a0521371651
040 _aMUST
_cMUST
082 0 0 _a539.754 KIL 1994
_219
100 1 _aKilmister, C. W.
_q(Clive William)
_917525
245 1 0 _aEddington's search for a fundamental theory :
_ba key to the universe /
_cC.W. Kilmister.
260 _aCambridge ;
_aNew York :
_bCambridge University Press,
_c1994.
300 _axii, 256 p. :
_bill. ;
_c24 cm.
504 _aIncludes bibliographical references and index.
650 0 _aPhysics
_xPhilosophy
_xHistory.
_917526
650 0 _aMathematical physics
_xHistory.
_917527
942 _2ddc
_cO_SHELF
999 _c8668
_d8668